000 00506nam a2200169Ia 4500
003 GCL
008 140319s9999 xx 000 0 ara d
040 _aGCL /
_cGCL
082 0 4 _aط
_b813.088
_bى ا
100 1 _aيسرى سعيد شعيب
245 1 0 _aاحد - زكاء - بطوله - صبر /
_cيسرى سعيد شعيب
490 _aسلسلة غزوات الرسول
_v0
650 0 4 _aالاطفال
650 0 4 _aقصص الاطفال
650 0 4 _aالقصص الدينية
942 _2ddc
_cBK
999 _c38957
_d38957